हिन्दी साहित्यकार चित्रावली : (Record no. 121469)

MARC details
000 -LEADER
fixed length control field 01523nam a22002657a 4500
005 - DATE AND TIME OF LATEST TRANSACTION
control field 20170124103215.0
010 ## - LIBRARY OF CONGRESS CONTROL NUMBER
LC control number B-071044
020 ## - INTERNATIONAL STANDARD BOOK NUMBER
Terms of availability 00.00
International Standard Book Number 8185244723
035 ## - SYSTEM CONTROL NUMBER
System control number B-071044
037 ## - SOURCE OF ACQUISITION
Source of stock number/acquisition Cen Lib/Ret
040 ## - CATALOGING SOURCE
Original cataloging agency DPL
Language of cataloging HN
082 ## - DEWEY DECIMAL CLASSIFICATION NUMBER
Classification number 820.92
Item number पाण्डेय
100 ## - MAIN ENTRY--PERSONAL NAME
Personal name पाण्डेय, सुधाकर
9 (RLIN) 110688
245 ## - TITLE STATEMENT
Title हिन्दी साहित्यकार चित्रावली :
Statement of responsibility, etc सुधाकर पाण्डेय [और] कुसुमाकर पाण्डेय
Remainder of title 51 साहित्यकारों के हस्तलेख, पांडुलिपियां, जीवन परिचय /
246 ## - VARYING FORM OF TITLE
Title proper/short title Hindi sahityakar chitravali : 51 sahityakaron ke hastlekh, pandulipiyan, jivan parichay /
Remainder of title by Sudhakar Pandit [aur] Kusumakar Pandit
260 ## - PUBLICATION, DISTRIBUTION, ETC. (IMPRINT)
Place of publication, distribution, etc नई दिल्ली
Name of publisher, distributor, etc हिन्दी बुक सेंटर
Date of publication, distribution, etc 2004
270 ## - ADDRESS
Address 4/5-बी, असफ अली रोड
City नई दिल्ली
Postal code 110002
300 ## - PHYSICAL DESCRIPTION
Extent भिन्न पृष्ठ. :
Dimensions 26सेमी(सजिल्द)
Other physical details रंगीन चित्र
650 ## - SUBJECT ADDED ENTRY--TOPICAL TERM
Topical term or geographic name as entry element हिंदी साहित्य
9 (RLIN) 110689
650 ## - SUBJECT ADDED ENTRY--TOPICAL TERM
Topical term or geographic name as entry element हिंदी साहित्यकार--जीवनी
9 (RLIN) 44854
650 ## - SUBJECT ADDED ENTRY--TOPICAL TERM
Topical term or geographic name as entry element Hindi literature
9 (RLIN) 110690
650 ## - SUBJECT ADDED ENTRY--TOPICAL TERM
Topical term or geographic name as entry element Hindi Writers--Biography
9 (RLIN) 110691
700 ## - ADDED ENTRY--PERSONAL NAME
Personal name पाण्डेय, कुसुमाकर
9 (RLIN) 110692
942 ## - ADDED ENTRY ELEMENTS (KOHA)
Source of classification or shelving scheme Dewey Decimal Classification
Koha item type Hindi Books
Classification part 820.92
Call number suffix पाण्डेय
Holdings
Withdrawn status Lost status Damaged status Not for loan Home library Current library Date acquired Source of acquisition Cost, normal purchase price Total Checkouts Full call number Barcode Date last seen Copy number Cost, replacement price Price effective from Koha item type
        Central Library Central Library 08/10/2015 Cen Lib/Ret 0.00   820.92 पाण्डेय B-071044 08/10/2015 1 0.00 08/10/2015 Hindi Books

© Delhi Public Library
Hit Counter
free hit counter